أحكام المسابقات في الشريعة الإسلامية وتطبيقاته المعاصرة / (رقم التسجيلة. 86216)

تفاصيل مارك
000 -الفاتح
عناصر البيانات ثابتة الطول 00866cam a2200205 i 4500
005 - تاريخ ووقت آخر معاملة
حقل ضبط 20251208095028.0
008 - عناصر البيانات ثابتة الطول
عناصر البيانات ثابتة الطول 250721s2004 jo gr 000 0 ara d
082 14 - رقم تصنيف ديوي العشري
رقم التصنيف 216
رقم المادة ب ل ح
100 1# - مدخل رئيسي – اسم شخصي
الاسم الشخصي بلحاجي، عبد الصمد بن محمد
علاقة الشخص بالعمل/ دوره مؤلف.
245 10 - بيان العنوان
العنوان أحكام المسابقات في الشريعة الإسلامية وتطبيقاته المعاصرة /
بيان المسؤولية عبد الصمد بن محمد بلحاجي ؛ إشراف الأستاذ الدكتور محمد خير هيكل.
250 ## - بيان الطبعة
بيان الطبعة الطبعة الأولى.
264 31 - بيانات النشر، التوزيع…إلخ
مكان النشر، التوزيع...إلخ عمان :
اسم الناشر، الموزع...إلخ دار النفائس للنشر والتوزيع،
تاريخ النشر، التوزيع...إلخ 2004.
300 ## - الوصف المادي
عدد الوحدات المكونة للوعاء 325 صفحة.
650 17 - مدخل إضافي بالموضوع - مصطلح موضوعي
مصطلح موضوعي أو اسم جغرافي كعنصر مدخل الفقه الإسلامي.
650 17 - مدخل إضافي بالموضوع - مصطلح موضوعي
مصطلح موضوعي أو اسم جغرافي كعنصر مدخل الشريعة الإسلامية.
650 17 - مدخل إضافي بالموضوع - مصطلح موضوعي
مصطلح موضوعي أو اسم جغرافي كعنصر مدخل الجوائز.
653 ## - رأس موضوع – غير مقيد
المصطلح / رأس الموضوع غير المقيد المسابقات
942 ## - بيانات إضافية (كوها)
نوع التنصيف Dewey Decimal Classification
نوع المادة (كوها) كتب
المقتنيات
حالة السحب حالة الفقدان مصدر التصنيف حالة التلف غير قابل للإعارة المكتبة الرئيسية المكتبة الحالية موقع الرف تاريخ التزويد الرقم المتسلسل Total Checkouts رقم الإستدعاء الباركود تاريخ آخر ظهور تاريخ الفاتورة نوع المادة (كوها)
    Dewey Decimal Classification     المكتبة المركزية المكتبة المركزية الإعارة 22/03/2017 1420243   216 / ب ل ح PLD00404597 28/07/2025 22/03/2017 كتب
    Dewey Decimal Classification     المكتبة المركزية المكتبة المركزية مقتنيات قسم التزويد 28/07/2025 1739609   216/بلح   28/07/2025 28/07/2025 كتب
    Dewey Decimal Classification     المكتبة المركزية المكتبة المركزية   28/07/2025 1759498   216/بلح   28/07/2025 28/07/2025 كتب
    Dewey Decimal Classification     مكتبة أبو علندا العامة مكتبة أبو علندا العامة الإعارة 15/10/2015 613297   216/بلح PLD00355920 28/07/2025 15/10/2015 كتب
    Dewey Decimal Classification     مكتبة أم قصير والمقابلين العامة مكتبة أم قصير والمقابلين العامة الإعارة 13/11/2014 613296   216/بلح PLD00361403 28/07/2025 13/11/2014 كتب
    Dewey Decimal Classification     مكتبة الأميرة ايمان العامة مكتبة الأميرة ايمان العامة الإعارة 26/09/2013 613288   216/بلح PLD00280022 28/07/2025 26/09/2013 كتب
    Dewey Decimal Classification     مكتبة الجويدة مكتبة الجويدة الإعارة 31/05/2018 1679551   216/بلح PLD00421643 28/07/2025 31/05/2018 كتب
    Dewey Decimal Classification     مكتبة حمزة العامة مكتبة حمزة العامة الإعارة 24/02/2016 613394.   216/بلح PLD00375851 28/07/2025 24/02/2016 كتب
    Dewey Decimal Classification     مكتبة صويلح العامة مكتبة صويلح العامة الإعارة 24/11/2015 613289   216/بلح PLD00366707 28/07/2025 24/11/2015 كتب
    Dewey Decimal Classification     مكتبة وادي السير العامة مكتبة وادي السير العامة الإعارة 03/03/2016 613298   216/بلح PLD00377849 28/07/2025 03/03/2016 كتب
    Dewey Decimal Classification     مكتبة ومركز فرح مكتبة ومركز فرح الإعارة 06/05/2009 1287313   216/بلح PLD00086708 28/07/2025 06/05/2009 كتب
Implemented & Customized by: BBB with SCIT (Smart Chains for Information Technology)

Powered by Koha